00462nam a2200157 4500003000900000005001700009008004100026020002800067040001300095082001500108100002300123245008800146250001200234260002700246650003100273SEACOMEC20240525122355.0240525b |||||||| |||| 00| 0 eng d a 0876920547.cRs.235.00 aSEACOMEC a539.2bJ82 a Jordan, Edward C.1 aElectromagnetic Waves and Radiating Systemsc Edward C. Jordan and Keith G. Balmain a2nd ed. a Delhi bpearsonc2007 a Electromagnetic Analysis